مكتبة جامعة عجلون الوطنية

فهرس بحث المكتبة

Normal view MARC view
  • المحاسبة

Entry Topical Term

Number of records used in: 1

001 - CONTROL NUMBER

  • control field: 45203

003 - CONTROL NUMBER IDENTIFIER

  • control field: JO-AjAnu

005 - DATE AND TIME OF LATEST TRANSACTION

  • control field: 20230606081459.0

008 - FIXED-LENGTH DATA ELEMENTS

  • fixed length control field: 230606|| aca||aabn | a|a d

040 ## - CATALOGING SOURCE

  • Original cataloging agency: JO-AjAnu
  • Transcribing agency: JO-AjAnu

150 ## - HEADING--TOPICAL TERM

  • Topical term or geographic name entry element: المحاسبة

670 ## - SOURCE DATA FOUND

  • Source citation: Work cat.: (JO-AjAnu)23144: خداش، حسام الدين/ م.مشارك علي ذنيبات, author 45202, محاسبة التكاليف، المحاسبة الادارية، النظرية المحاسبية، معايير التدقيق الدولية: المادة العلمية والعملية للتأهيل لامتحان المحاسب القانوني الاردني=JCPA Review، ج2